=LDR 00000nam 2200000 4500 =001 INLIS000000000024415 =005 20130612123013 =008 ***********************************Ind** =035 ##$$0010-061300000024415 =041 ##$$a Ind =082 ##$$a 653 =090 ##$$a 653, Soe k =100 ##$$a Soesono, Slamet =245 ##$$a Kebun sayur, Slamet Soesono =260 ##$$a 1976 $b Jakarta =300 ##$$a 141 hlm, 21 cm =650 ##$$a Pertanian =850 ##$$a NBPNMAT =990 ##$$a 87758775 =990 ##$$a 01201708775 =990 ##$$a 00050738